El Derecho de familia : novedades en dos perspectivas /

Detalles Bibliográficos
Autor Corporativo: Asociacin̤ Espaǫla de Abogados de Familia
Otros Autores: Lp̤ez Rendo Rodrg̕uez, Carmen (coaut.)
Formato: Libro
Lenguaje:español
Publicado: Madrid : Dykinson, 2010.
Materias:
Acceso en línea:Acceso restringido

MARC

LEADER 00000nam a2200000 i 4500
005 20110706110148.0
008 100526s2010 sp 00||0 spa d
017 |a D.L.M 6712-2010 
020 |a 9788498498615 
035 |a 5368 
040 |a BUS  |d vLex 
080 |a 347.61/.64(460) 
090 |c 2176  |d 2176 
245 0 3 |a El Derecho de familia :  |b novedades en dos perspectivas /  |c Carmen Lp̤ez-Rendo Rodrg̕uez... [et.al]  |h [Recurso electrn̤ico] 
256 |a Servicio en ln̕ea. 
260 |a Madrid :  |b Dykinson,  |c 2010. 
300 |a 412 p. ;  |c 21 cm 
500 |a En port.y cub.: Asociacin̤ Espaǫla de Abogados de Familia. 
505 0 |a Pensin̤ compensatoria, liquidacin̤ del rǧimen econm̤ico matrimonial, guarda y custodia vs. patria potestad, sustraccin̤ internacional de menores, problemas penales en las crisis de familia, conflictos penales con hijos menores de edad. 
506 1 |a Contenido solo disponible en los productos indicados  |d vLex Global  |d vLex Global (Academic Edition, excluding Law Schools)  |d vLex Global (U.S. Academic Edition, Law Schools)  |d vLex Global (U.S. Academic Edition, excluding Law Schools)  |d vLex Global (Academic Edition, Law Schools) 
650 0 4 |a Familia  |2 Tesauro vLex 
700 1 |a Lp̤ez Rendo Rodrg̕uez, Carmen,  |e coaut. 
710 2 |a Asociacin̤ Espaǫla de Abogados de Familia. 
740 0 |a vLex Libros (Servicio en ln̕ea) 
856 4 0 |u http://vlex.com/source/derecho-familia-perspectivas-5368  |z Acceso restringido 
942 |c BOOK